Caín / (Record no. 152907)

MARC details
000 -LEADER
campo de control de longitud fija 00862nam a22002415i 4500
001 - NÚMERO DE CONTROL
campo de control 152907
003 - IDENTIFICADOR DE NÚMERO DE CONTROL
campo de control ES-MaACL
005 - FECHA Y HORA DE LA ÚLTIMA TRANSACCIÓN
campo de control 20250730204404.0
008 - DATOS DE LONGITUD FIJA--INFORMACIÓN GENERAL
campo de control de longitud fija 051018s1889 sp | |||||||| ||spa d
040 ## - FUENTE DE CATALOGACIÓN
Centro catalogador/agencia de origen CAM
Lengua de catalogación spa
Centro/agencia transcriptor CAM
100 1# - ENTRADA PRINCIPAL--NOMBRE DE PERSONA
Nombre de persona Byron, George Gordon Byron,
Títulos y otros términos asociados al nombre Baron,
Fechas asociadas al nombre 1788-1824
9 (RLIN) 33026
245 10 - MENCIÓN DEL TÍTULO
Título Caín /
Mención de responsabilidad, etc. Lord Byron.
260 ## - PUBLICACIÓN, DISTRIBUCIÓN, ETC.
Lugar de publicación, distribución, etc. Barcelona :
Nombre del editor, distribuidor, etc. [s.n.],
Fecha de publicación, distribución, etc. 1889 (
Fabricante Imp. de Pons)
300 ## - DESCRIPCIÓN FÍSICA
Extensión 191 p. ;
Dimensiones 15 cm.
490 1# - MENCIÓN DE SERIE
Mención de serie Biblioteca del Siglo XIX
490 1# - MENCIÓN DE SERIE
Mención de serie Tesoro de autores ilustres
505 8# - NOTA DE CONTENIDO CON FORMATO
Nota de contenido con formato Manfredo : p. 110-191
700 1# - ENTRADA AGREGADA--NOMBRE PERSONAL
Nombre de persona Byron, George Gordon Byron,
Títulos y otros términos asociados al nombre Baron,
Fechas asociadas al nombre 1788-1824
9 (RLIN) 33026
830 0# - PUNTO DE ACCESO ADICIONAL DE SERIE-TÍTULO UNIFORME
Título uniforme Biblioteca del Siglo XIX
9 (RLIN) 184061
830 00 - PUNTO DE ACCESO ADICIONAL DE SERIE-TÍTULO UNIFORME
Título uniforme Tesoro de autores ilustres
9 (RLIN) 188006
852 ## - LOCALIZACIÓN
Ubicación ES-MaACL
Número de control de estantería T-611-F-3
Nota libre -- Enc. hol., conservando la cub. original
-- -- Enc. en un vol. facticio
Holdings
Estatus retirado Estado de pérdida Estado de daño No para préstamo Colección Biblioteca de origen Biblioteca actual Ubicación en estantería Fecha de adquisición Total de préstamos Signatura topográfica completa Código de barras Visto por última vez Precio de reemplazo Tipo de ítem Koha
        Colección de folletos Biblioteca del Ateneo de Madrid Biblioteca del Ateneo de Madrid Depósito folletos 17/01/2008   T-611-F-3 1159709 23/02/2023 23/02/2023 Folleto